ARRUPE JESUIT UNIVERSITY

CORONAVIRUS -STOP THE SPREAD - CLEAN,DISINFECT,COVER

Holy water and evil spirits : (Record no. 124218)

MARC details
000 -LEADER
fixed length control field 01369cam a22003497a 4500
001 - CONTROL NUMBER
control field 17609174
003 - CONTROL NUMBER IDENTIFIER
control field ARRUPE
005 - DATE AND TIME OF LATEST TRANSACTION
control field 20160225124806.0
008 - FIXED-LENGTH DATA ELEMENTS--GENERAL INFORMATION
fixed length control field 130131s2011 gw a bm 000 0 eng d
010 ## - LIBRARY OF CONGRESS CONTROL NUMBER
LC control number 2012536136
020 ## - INTERNATIONAL STANDARD BOOK NUMBER
International Standard Book Number 9783643111791 (pbk.)
020 ## - INTERNATIONAL STANDARD BOOK NUMBER
International Standard Book Number 3643111797 (pbk.)
035 ## - SYSTEM CONTROL NUMBER
System control number (OCoLC)ocn741372012
040 ## - CATALOGING SOURCE
Original cataloging agency INU
Transcribing agency INU
Modifying agency CLU
-- UKMGB
-- BTCTA
-- YDXCP
-- BWX
-- OCLCO
-- IUL
-- DLC
042 ## - AUTHENTICATION CODE
Authentication code lccopycat
050 00 - LIBRARY OF CONGRESS CALL NUMBER
Classification number BX1862.T3
Item number W56 2011
300 ## - PHYSICAL DESCRIPTION
Other physical details ill. ;
Dimensions 24 cm.
100 1# - MAIN ENTRY--PERSONAL NAME
Personal name Wilkens, Katharina.
9 (RLIN) 22453
245 10 - TITLE STATEMENT
Title Holy water and evil spirits :
Remainder of title religious healing in East Africa /
Statement of responsibility, etc Katharina Wilkens.
260 ## - PUBLICATION, DISTRIBUTION, ETC. (IMPRINT)
Place of publication, distribution, etc Berlin :
Name of publisher, distributor, etc Lit,
Date of publication, distribution, etc 2011.
300 ## - PHYSICAL DESCRIPTION
Extent x, 289 p. :
490 1# - SERIES STATEMENT
Series statement Beiträge zur Afrikaforschung,
International Standard Serial Number 0938-7285 ;
Volume number/sequential designation Bd. 47
502 ## - DISSERTATION NOTE
Dissertation note Thesis (doctoral) - Universität, Bayreuth.
504 ## - BIBLIOGRAPHY, ETC. NOTE
Bibliography, etc Includes bibliographical references (p. 271-289).
610 20 - SUBJECT ADDED ENTRY--CORPORATE NAME
Corporate name or jurisdiction name as entry element Marian Faith Healing Ministry (Dar es Salaam, Tanzania)
9 (RLIN) 22454
650 #0 - SUBJECT ADDED ENTRY--TOPICAL TERM
Topical term or geographic name as entry element Healing
General subdivision Religious aspects
-- Catholic Church.
9 (RLIN) 22455
651 #0 - SUBJECT ADDED ENTRY--GEOGRAPHIC NAME
Geographic name Tanzania
General subdivision Religion.
9 (RLIN) 22456
830 #0 - SERIES ADDED ENTRY--UNIFORM TITLE
Uniform title Beiträge zur Afrikaforschung ;
Volume number/sequential designation Bd. 47.
9 (RLIN) 22457
906 ## - LOCAL DATA ELEMENT F, LDF (RLIN)
a 7
b cbc
c copycat
d 3
e ncip
f 20
g y-gencatlg
936 ## - OCLC/CONSER MISCELLANEOUS DATA (OCLC); PIECE USED FOR CATALOGING (pre-AACR2) (RLIN)
OCLC control number(s) of parallel record(s) (OCLC); Piece used for cataloging, PUC (RLIN) PR 725002322, 733061730, 729940290
942 ## - ADDED ENTRY ELEMENTS (KOHA)
Source of classification or shelving scheme Library of Congress Classification
Koha item type Monograph ( Printed materials)
Holdings
Withdrawn status Lost status Source of classification or shelving scheme Damaged status Not for loan Collection code Home library Current library Shelving location Date acquired Total Checkouts Full call number Barcode Date last seen Price effective from Koha item type
    Library of Congress Classification     Main Collection ARRUPE LIBRARY ARRUPE LIBRARY Main Collection 25/02/2016   BX1682.T3W56 2011 46500006758 22/11/2017 25/02/2016 Monograph ( Printed materials)

 

Arrupe Library. PO Box MP320 Mt Pleasant, Harare, Zimbabwe
263 242 745411|librarian@aju.ac.zw